| 000 | 00625nam a22002057a 4500 | ||
|---|---|---|---|
| 003 | OSt | ||
| 005 | 20130510133303.0 | ||
| 008 | 130510s1999 sp ||||| |||| 00| 0 spa d | ||
| 020 | _a8474327458 | ||
| 040 | _cCDMR | ||
| 100 | 1 |
_9125 _aBustamante, Enrique |
|
| 245 | 1 | 3 |
_aLa televisión económica _b: financiación, estrategias y mercados _cEnrique Bustamante |
| 260 |
_aBarcelona _bGedisa _c1999 |
||
| 300 | _a220 p. | ||
| 490 | 0 |
_aEstudios de televisión _v1 |
|
| 650 | 0 | 4 |
_9597 _aTelevisió _xAspectes econòmics |
| 650 | 0 | 4 |
_93205 _aTelevisió _xDret i legislació |
| 650 | 0 | 4 |
_93092 _aIndústria audiovisual |
| 942 |
_2udc _cMON |
||
| 999 |
_c6222 _d6222 |
||